IMMUOLOGY FOR STUDENTS OF MEDICINE (Record no. 15396)
[ view plain ]
| 000 -LEADER | |
|---|---|
| fixed length control field | 00447nam a22001577a 4500 |
| 003 - CONTROL NUMBER IDENTIFIER | |
| control field | OSt |
| 005 - DATE AND TIME OF LATEST TRANSACTION | |
| control field | 20211028093657.0 |
| 008 - FIXED-LENGTH DATA ELEMENTS--GENERAL INFORMATION | |
| fixed length control field | 211028b |||||||| |||| 00| 0 eng d |
| 040 ## - CATALOGING SOURCE | |
| Original cataloging agency | ddc |
| Transcribing agency | HU |
| 082 ## - DEWEY DECIMAL CLASSIFICATION NUMBER | |
| Edition number | 2ND |
| Classification number | 614.4 |
| Item number | 1 |
| 100 ## - MAIN ENTRY--PERSONAL NAME | |
| Personal name | HUMPHREY J.H. |
| 9 (RLIN) | 15931 |
| 245 ## - TITLE STATEMENT | |
| Title | IMMUOLOGY FOR STUDENTS OF MEDICINE |
| 250 ## - EDITION STATEMENT | |
| Edition statement | 2ND |
| 260 ## - PUBLICATION, DISTRIBUTION, ETC. | |
| Place of publication, distribution, etc. | OXFORD |
| Name of publisher, distributor, etc. | THE ENGLISH LANGUAGE BOOK SOCIETY AND BLACKWELL SCIENTIFIC PUBLICATION |
| Date of publication, distribution, etc. | 1970 |
| 942 ## - ADDED ENTRY ELEMENTS (KOHA) | |
| Source of classification or shelving scheme | Dewey Decimal Classification |
| Koha item type | Books like text book referance book |
| Suppress in OPAC | No |
No items available.